[Event "AUTO-ADV-1322"]
[Site "http://www.queenalice.com/game.php?id=681763"]
[Date "2009.11.12"]
[Round "2"]
[White "garotynho"]
[Black "mg23campos"]
[Result "0-1"]
[WhiteElo "1876"]
[BlackElo "1906"]

1. e4 e5 2. Nf3 Nc6 3. Bb5 d6 4. d3 h6 5. h4 Nf6 6. Bxc6+ bxc6 7. c4 a5 8. a4
Ng4 9. O-O g5 10. h5 Nf6 11. Nh2 g4 12. g3 Nxh5 13. Nxg4 Nf6 14. Nxf6+ Qxf6 15.
Nd2 Rg8 16. Qf3 Qe6 17. b3 Be7 18. Qg2 Bh4 19. Nf3 Bf6 20. Bxh6 Rh8 21. Be3 Bd7
22. Bg5 O-O-O 23. g4 Rdg8 24. Nh2 Bxg5 25. f3 Bf4 26. Rf2 Bxh2+ 27. Kf1 Bf4 28.
Ke2 Rh2 29. Qg1 Rgh8 30. Rxh2 Rxh2+ 0-1

[Event "AUTO-ADV-1322"]
[Site "http://www.queenalice.com/game.php?id=681770"]
[Date "2009.11.12"]
[Round "2"]
[White "garotynho"]
[Black "andrevillares"]
[Result "0-1"]
[WhiteElo "1892"]
[BlackElo "1882"]

1. e4 c6 2. b4 d5 3. e5 Bf5 4. d4 e6 5. a3 a5 6. b5 Ne7 7. g4 Bg6 8. h4 h5 9. g5
Nf5 10. a4 c5 11. c3 Nd7 12. Nf3 Rc8 13. Bb2 Qb6 14. Be2 cxd4 15. Nxd4 Nxe5 16.
f4 Nc4 17. Bxc4 Rxc4 18. Rh3 Bc5 19. Nd2 Bxd4 20. Nxc4 Bf2+ 21. Ke2 dxc4 22. Qd2
O-O 23. Kf3 Nxh4+ 24. Rxh4 Bxh4 25. Ba3 Rd8 26. Qe2 Rd3+ 27. Kg2 Qd8 28. Ra2
Rg3+ 29. Kh2 Qd3 30. Qxd3 Rxd3 31. Rc2 Bg3+ 32. Kg2 Bxf4 33. Bc1 Rg3+ 34. Kf2
Bxc2 0-1

[Event "AUTO-ADV-1322"]
[Site "http://www.queenalice.com/game.php?id=681771"]
[Date "2009.11.12"]
[Round "2"]
[White "andrevillares"]
[Black "garotynho"]
[Result "1-0"]
[WhiteElo "1872"]
[BlackElo "1910"]

1. d4 d5 2. c4 c6 3. Nc3 dxc4 4. a4 a5 5. e4 e6 6. Bxc4 Nf6 7. Bg5 h6 8. Bxf6
Qxf6 9. Nf3 Bb4 10. e5 Qd8 11. O-O Nd7 12. Ne4 Nb6 13. Ba2 Nd7 14. Rc1 O-O 15.
Bb1 g5 16. Qd3 f5 17. exf6 Nxf6 18. Nxf6+ Rxf6 19. Ne5 Kf8 20. Qh7 Rf5 21. Bxf5
Ke8 22. Qf7# 1-0

[Event "AUTO-ADV-1677"]
[Site "http://www.queenalice.com/game.php?id=741304"]
[Date "2010.3.5"]
[Round "1"]
[White "Chris93"]
[Black "garotynho"]
[Result "0-1"]
[WhiteElo "1959"]
[BlackElo "1938"]

1. e4 e5 2. Nf3 d6 3. d4 h5 4. Nc3 c6 5. dxe5 dxe5 6. Qxd8+ Kxd8 7. Nxe5 Be6 8.
Bf4 Nf6 9. O-O-O+ Nbd7 10. Nxd7 Nxd7 11. g3 f6 12. Bg2 g5 13. Be3 Bb4 0-1

[Event "AUTO-ADV-1677"]
[Site "http://www.queenalice.com/game.php?id=741305"]
[Date "2010.3.5"]
[Round "1"]
[White "garotynho"]
[Black "Chris93"]
[Result "1-0"]
[WhiteElo "1955"]
[BlackElo "1942"]

1. e4 d5 2. d3 dxe4 3. dxe4 Qxd1+ 4. Kxd1 e5 5. f3 Be6 6. c4 c5 7. a4 Nc6 8. Na3
O-O-O+ 9. Ke1 Nd4 10. Rb1 Nf6 11. Ne2 Rg8 12. Nxd4 exd4 13. Bd3 h6 14. Bd2 1-0

[Event "AUTO-ADV-1677"]
[Site "http://www.queenalice.com/game.php?id=741320"]
[Date "2010.3.5"]
[Round "1"]
[White "mestre_leonardo"]
[Black "garotynho"]
[Result "0-1"]
[WhiteElo "1741"]
[BlackElo "1894"]

1. e4 e5 2. Nf3 d6 3. Bc4 Be6 4. Bxe6 fxe6 5. O-O g5 6. d3 h6 7. Nc3 a6 8. a4 c6
9. b4 b5 10. axb5 cxb5 11. Qe2 g4 12. Nd2 h5 13. Qe3 Bh6 14. Qg3 Bf4 0-1

[Event "AUTO-ADV-1677"]
[Site "http://www.queenalice.com/game.php?id=741321"]
[Date "2010.3.5"]
[Round "1"]
[White "garotynho"]
[Black "mestre_leonardo"]
[Result "1-0"]
[WhiteElo "1929"]
[BlackElo "1746"]

1. e4 e5 2. Nf3 Nc6 3. Bd3 Nf6 4. O-O Bc5 5. h3 O-O 6. c3 d5 7. exd5 Nxd5 8. b4
Bd6 9. Ng5 Qxg5 10. Qf3 Nf6 11. Qg3 Qxg3 12. fxg3 e4 13. Bb5 Bxg3 14. Bxc6 bxc6
15. Ba3 Rd8 16. Bc1 Ba6 17. Rf5 Bd3 18. Rg5 Bh4 19. Rc5 Bxb1 20. Rxb1 Rd6 21.
Kh2 Nd5 22. g3 Bg5 23. h4 Bh6 24. g4 Bf4+ 25. Kh3 e3 26. dxe3 Bxe3 27. Bxe3 Nxe3
28. Re1 1-0

[Event "Challenge"]
[Site "http://www.queenalice.com/game.php?id=755659"]
[Date "2010.4.3"]
[Round "-"]
[White "Gil"]
[Black "garotynho"]
[Result "0-1"]
[WhiteElo "981"]
[BlackElo "1927"]

1. d4 d5 2. Nf3 f6 3. Nc3 c6 4. e3 g5 5. h3 h5 6. Bd2 b5 7. Bd3 Rh6 8. Qe2 a5 9.
O-O h4 10. e4 Be6 11. e5 a4 12. a3 Qd7 13. Nh2 Bf5 14. Bxf5 Qxf5 15. Ng4 Rg6 16.
exf6 Nxf6 17. Nxf6+ Qxf6 18. Qg4 Nd7 19. Rfe1 O-O-O 20. Re5 Bh6 21. Rae1 Kb7 22.
Rxe7 Qd6 0-1

[Event "Challenge"]
[Site "http://www.queenalice.com/game.php?id=755660"]
[Date "2010.4.3"]
[Round "-"]
[White "garotynho"]
[Black "Gil"]
[Result "1-0"]
[WhiteElo "1923"]
[BlackElo "1633"]

1. e4 Nc6 2. c3 b6 3. b4 Bb7 4. f3 e5 5. a4 Nf6 6. b5 Na5 7. Na3 Bxa3 8. Bxa3 d6
9. c4 O-O 10. h4 h5 11. Bd3 Qd7 12. Nh3 Rac8 13. Ng5 Ba8 14. Be2 Nb3 15. Qxb3 c5
16. bxc6 Rxc6 17. Qb5 Rfc8 18. d3 Ne8 19. Qb3 g6 20. Rg1 a6 21. Kf2 1-0

[Event "AUTO-MASTER-1134"]
[Site "http://www.queenalice.com/game.php?id=784429"]
[Date "2010.6.2"]
[Round "1"]
[White "cesargarcia"]
[Black "garotynho"]
[Result "1-0"]
[WhiteElo "2309"]
[BlackElo "1988"]

1. d4 d5 2. Nf3 f6 3. Nc3 a6 4. e4 dxe4 5. Nxe4 f5 6. Ng3 g6 7. Bc4 e6 8. Ng5
Qe7 9. O-O Kd8 10. Re1 b5 11. Bxe6 Bxe6 12. Nxe6+ Kc8 13. Bf4 Ra7 14. Nxc7 Rxc7
15. Rxe7 Rxe7 16. Qf3 Nf6 17. c4 Ne4 18. cxb5 axb5 19. Rc1+ Kb7 20. Nxe4 fxe4
21. Qb3 Kb6 22. Rc5 1-0

[Event "AUTO-MASTER-1134"]
[Site "http://www.queenalice.com/game.php?id=784430"]
[Date "2010.6.2"]
[Round "1"]
[White "garotynho"]
[Black "cesargarcia"]
[Result "0-1"]
[WhiteElo "1985"]
[BlackElo "2316"]

1. e4 c5 2. c4 Nc6 3. Nf3 g6 4. h4 Nf6 5. d3 Bg7 6. Nc3 O-O 7. a3 d6 8. Bd2 Nd4
9. Nxd4 cxd4 10. Nd5 Nxd5 11. exd5 e6 12. dxe6 Bxe6 13. Be2 Re8 14. h5 d5 15. c5
Bg4 16. f3 Bd7 17. g4 Qe7 18. b4 Ba4 19. Bg5 f6 20. Qd2 fxg5 21. Rc1 Be5 22.
hxg6 Bf4 23. gxh7+ Kh8 24. Qa2 Bg3+ 25. Kf1 Qe3 26. Kg2 Qf2+ 27. Kh3 Re7 0-1

[Event "AUTO-MASTER-1134"]
[Site "http://www.queenalice.com/game.php?id=784441"]
[Date "2010.6.2"]
[Round "1"]
[White "enzoiazo"]
[Black "garotynho"]
[Result "0-1"]
[WhiteElo "2065"]
[BlackElo "1989"]

1. d4 d5 2. Nf3 f6 3. Bf4 g5 4. Bg3 h5 5. h4 g4 6. Nfd2 Bh6 7. e3 f5 8. Be5 Nf6
9. Bd3 e6 10. Qe2 a6 11. f3 Rg8 12. Nc3 b5 13. a3 c6 14. e4 f4 15. O-O-O a5 16.
exd5 Nxd5 17. Nxd5 cxd5 18. Bxb5+ Bd7 19. Bxd7+ Qxd7 20. Nb3 g3 21. Nc5 Qc6 22.
Rhe1 Rg6 23. Qd3 Kf7 24. c4 Na6 25. Nxa6 Rxa6 26. c5 a4 27. Qd2 Qb5 28. Bxf4
Bxf4 29. Qxf4+ Kg7 30. Qd2 Qc4+ 31. Qc2 Qxc2+ 32. Kxc2 Kf6 33. b4 axb3+ 34. Kxb3
Rg8 35. Ka2 Rb8 36. Rd3 Ra5 37. Rb3 Rba8 38. Re5 Ra4 39. Rd3 Rc4 40. Re2 Rb8 41.
Rb2 Ra8 42. Kb1 Kf5 43. Rc2 Rb8+ 44. Kc1 Ra4 45. c6 Rc8 46. c7 Rc4 47. Rxc4 dxc4
48. Rc3 Rxc7 49. Kd2 Kf4 50. a4 e5 51. dxe5 Kxe5 52. Ke3 Kd5 53. f4 Re7+ 54. Kf3
Kd4 55. Ra3 c3 0-1

[Event "AUTO-MASTER-1134"]
[Site "http://www.queenalice.com/game.php?id=784442"]
[Date "2010.6.2"]
[Round "1"]
[White "garotynho"]
[Black "enzoiazo"]
[Result "0-1"]
[WhiteElo "1970"]
[BlackElo "2083"]

1. e4 e5 2. Nf3 d6 3. Bd3 Nf6 4. h3 c5 5. O-O Be6 6. c4 Nc6 7. a3 Be7 8. g4 Nd4
9. Nxd4 cxd4 10. b4 Rc8 11. Qa4+ Qd7 12. Qxa7 Bxg4 13. h4 Bf3 14. Re1 Qg4+ 0-1

[Event "AUTO-MASTER-1134"]
[Site "http://www.queenalice.com/game.php?id=784449"]
[Date "2010.6.2"]
[Round "1"]
[White "garotynho"]
[Black "rmvwoods"]
[Result "1/2-1/2"]
[WhiteElo "1965"]
[BlackElo "1981"]

1. e4 e6 2. f4 d5 3. e5 Bc5 4. Nf3 Ne7 5. d4 Bb6 6. g4 Nbc6 7. h4 Bd7 8. b3 f5
9. g5 h5 10. c3 Ng6 11. a4 Qe7 12. Ba3 Qf7 13. b4 a5 14. b5 Na7 15. Qd2 O-O-O
16. Kf2 c6 17. Bd6 Bc7 18. Kg3 Bxd6 19. exd6 Be8 20. b6 Kb8 21. bxa7+ Kxa7 22.
Ne5 Qf8 23. c4 Qxd6 24. Qxa5+ Kb8 25. c5 Qc7 26. Qb6 Nxe5 27. Qxc7+ Kxc7 28.
fxe5 Ra8 29. Nc3 g6 30. a5 Bd7 31. Bd3 Ra7 32. Ra4 Rha8 33. Rha1 Bc8 1/2-1/2

[Event "AUTO-MASTER-1134"]
[Site "http://www.queenalice.com/game.php?id=784450"]
[Date "2010.6.2"]
[Round "1"]
[White "rmvwoods"]
[Black "garotynho"]
[Result "1-0"]
[WhiteElo "1964"]
[BlackElo "1982"]

1. e4 e5 2. Nf3 d6 3. d4 Nd7 4. Bc4 a6 5. Ng5 Nh6 6. Nc3 Be7 7. h4 Nf6 8. Be3
O-O 9. f3 b5 10. Bb3 Bd7 11. Qd3 c6 12. dxe5 dxe5 13. O-O-O Ra7 14. Bxa7 c5 15.
Nd5 c4 16. Nxf6+ Bxf6 17. Bxc4 bxc4 18. Qxd7 Qxd7 19. Rxd7 Bd8 20. Rhd1 Ba5 21.
R1d6 Bb4 22. Rxa6 f6 23. Ne6 Rf7 24. Rc7 Rxc7 25. Nxc7 Kf7 26. h5 g6 27. Be3 Ng8
28. Nd5 Bf8 29. Ra7+ Ke6 30. Rxh7 gxh5 31. Rh8 Kf7 32. Rxh5 Kg6 33. Rh1 1-0

[Event "AUTO-ADV-1677"]
[Site "http://www.queenalice.com/game.php?id=800824"]
[Date "2010.7.9"]
[Round "2"]
[White "garotynho"]
[Black "robinud"]
[Result "0-1"]
[WhiteElo "1986"]
[BlackElo "1872"]

1. e4 e5 2. Nf3 Nc6 3. d3 Bc5 4. c3 Nf6 5. b4 Bb6 6. a4 a6 7. a5 Ba7 8. h3 O-O
9. Ng5 h6 10. Nf3 d5 11. Qe2 dxe4 12. dxe4 Be6 13. Ba3 Ne7 14. Nxe5 b5 15. f3
Nh7 16. g4 f6 17. Nd3 Bc4 18. Qc2 Ng5 19. Nd2 Bxd3 20. Bxd3 Be3 21. Ke2 Bf4 22.
h4 Ne6 23. Nb3 Be5 24. Ke3 Bf4+ 25. Kf2 Nc6 26. Rad1 Qb8 27. Na1 Ne7 28. Nb3
Qa7+ 0-1

[Event "AUTO-ADV-1677"]
[Site "http://www.queenalice.com/game.php?id=800825"]
[Date "2010.7.9"]
[Round "2"]
[White "robinud"]
[Black "garotynho"]
[Result "1-0"]
[WhiteElo "1850"]
[BlackElo "2008"]

1. e4 e5 2. Bc4 g6 3. Nf3 d6 4. c3 a6 5. d3 c6 6. Ng5 Nh6 7. Nxf7 Nxf7 8. Bxf7+
Kxf7 9. Qf3+ Kg8 10. O-O Bg7 11. Nd2 h5 12. Qg3 Qe8 13. Nf3 Bf6 14. Bg5 Bxg5 15.
Nxg5 h4 16. Qe3 Qe7 17. h3 Rh5 18. Nf3 c5 19. d4 c4 20. dxe5 dxe5 21. b4 b5 22.
Qb6 Kg7 23. Rad1 Nd7 24. Qc7 Rh8 25. Rd5 Kf8 26. Qc6 Rb8 27. Qxg6 Rb6 28. Qf5+
Rf6 29. Qg5 1-0